| 000 -ლიდერი |
| ფიქსირებული სიგრძის საკონტროლო ველი |
00871nam a2200205 4500 |
| 003 - საკონტროლო ნომრის იდენტიფიკატორი |
| საკონტროლო ველი |
Ge_BSU |
| 005 - ბოლო ოპერაციის თარიღი და დრო |
| საკონტროლო ველი |
20190427213906.0 |
| 008 - ფიქსირებული სიგრძის მონაცემთა ელემენტები - ზოგადი ინფორმაცია |
| ფიქსირებული სიგრძის საკონტროლო ველი |
190427b2001 ge ||||| |||| 00| 0 geo d |
| 041 ## - ენის კოდი |
| Language code of text/sound track or separate title |
geo |
| 080 ## - უნივერსალური ათობითი კლასიფიკაციის ინდექსი |
| Universal Decimal Classification number |
624.15(075.8) ქ-56 |
| 100 ## - მთავარი ჩანაწერი - პიროვნების სახელი |
| Personal name |
ქიქავა, თ. |
| 9 (RLIN) |
510 |
| 245 ## - ცნობა სათაურის შესახებ |
| Title |
ფუძე - საძირკვლები : |
| Remainder of title |
სახელმძღვ. / |
| Statement of responsibility, etc |
თ. ქიქავა ; რედ. ი. დიდმანიძე. |
| 264 ## - წარმოების, გამოცემის, დისტრიბუციის და სხვა ცნობები |
| გამოცემის, წარმოების, დისტრიბუციის... ადგილი |
ბათუმი : |
| გამოცემის, წარმოების, დისტრიბუციის... სახელწოდება |
აჭარა ; |
| გამოცემის, წარმოების, დისტრიბუციის... თარიღი |
2001. |
| 300 ## - ფიზიკური აღწერა |
| Extent |
228 გვ. : |
| Other physical details |
ნახაზები ; |
| Dimensions |
22 სმ. |
| 504 ## - BIBLIOGRAPHY, ETC. NOTE |
| Bibliography, etc |
ბიბლიოგრ. : გვ.225-227. |
| 653 ## - INDEX TERM--UNCONTROLLED |
| Uncontrolled term |
ფუძე - საძირკვლები |
| 653 ## - INDEX TERM--UNCONTROLLED |
| Uncontrolled term |
სამშენებლო მასალები |
| 700 ## - ADDED ENTRY--PERSONAL NAME |
| Personal name |
დიდმანიძე, ი. |
| Relator term |
რედაქტორი |
| 9 (RLIN) |
511 |
| 942 ## - ADDED ENTRY ELEMENTS (KOHA) |
| Source of classification or shelving scheme |
|
| Koha item type |
წიგნი |